Văn hóa thời đại toàn cầu
Cuốn sách "Văn hóa thời đại toàn cầu" gồm một số bài viết đề cập đến các khía cạnh khác nhau của văn hóa và văn minh nhân loại, trong đó tập trung chủ yếu váo nền văn hóa Việt Nam cùng với những biến đổi của nó trong quá trình...
Đã lưu trong:
| Príomhúdar: | |
|---|---|
| Formáid: | Leabhar |
| Teanga: | Undetermined |
| Foilsithe: |
Hà Nội
Chính trị Quốc gia
2010
|
| Ábhair: | |
| Clibeanna: |
Cuir Clib Leis
Gan Chlibeanna, Bí ar an gcéad duine leis an taifead seo a chlibeáil!
|
| Thư viện lưu trữ: | Trung tâm Học liệu Trường Đại học Cần Thơ |
|---|
| LEADER | 01213nam a2200217Ia 4500 | ||
|---|---|---|---|
| 001 | CTU_157552 | ||
| 008 | 210402s9999 xx 000 0 und d | ||
| 020 | |c 43000 | ||
| 082 | |a 372.89 | ||
| 082 | |b Tr513 | ||
| 100 | |a Phạm, Ngọc Trung | ||
| 245 | 0 | |a Văn hóa thời đại toàn cầu | |
| 245 | 0 | |c Phạm Ngọc Trung | |
| 260 | |a Hà Nội | ||
| 260 | |b Chính trị Quốc gia | ||
| 260 | |c 2010 | ||
| 520 | |a Cuốn sách "Văn hóa thời đại toàn cầu" gồm một số bài viết đề cập đến các khía cạnh khác nhau của văn hóa và văn minh nhân loại, trong đó tập trung chủ yếu váo nền văn hóa Việt Nam cùng với những biến đổi của nó trong quá trình hội nhập và giao luwuw quốc tế. Nội dung văn hóa ở đây được tiếp cận trên các bình diện: Giáo dục - đào tạo và thông tin khoa học; Danh nhân; Văn hóa - lịch sử. | ||
| 650 | |a Civilization,Nền văn minh | ||
| 650 | |x History,Lịch sử | ||
| 904 | |i Thùy, Năm | ||
| 980 | |a Trung tâm Học liệu Trường Đại học Cần Thơ | ||